<?xml version="1.0" encoding="UTF-8"?>
<marc:record xmlns:marc="http://www.loc.gov/MARC21/slim">
   <marc:leader>00000nam a2200000 a 4500</marc:leader>
   <marc:datafield ind1="1" ind2=" " tag="100">
      <marc:subfield code="a">Pfarl, Peter</marc:subfield>
      <marc:subfield code="4">aut</marc:subfield>
      <marc:subfield code="e">Verfasser/-in</marc:subfield>
   </marc:datafield>
   <marc:datafield ind1=" " ind2=" " tag="653">
      <marc:subfield code="a">Wallfahrt</marc:subfield>
   </marc:datafield>
   <marc:datafield ind1=" " ind2=" " tag="653">
      <marc:subfield code="a">Wallfahrtsort</marc:subfield>
   </marc:datafield>
   <marc:datafield ind1=" " ind2=" " tag="653">
      <marc:subfield code="a">Mariazell</marc:subfield>
   </marc:datafield>
   <marc:datafield ind1="0" ind2="0" tag="245">
      <marc:subfield code="a">Die schönsten Wallfahrtsorte Österreichs</marc:subfield>
   </marc:datafield>
   <marc:datafield ind1="0" ind2="0" tag="245">
      <marc:subfield code="c">Peter Pfarl</marc:subfield>
   </marc:datafield>
   <marc:datafield ind1=" " ind2="1" tag="264">
      <marc:subfield code="a">Wien [u.a.]</marc:subfield>
      <marc:subfield code="b">RM Buch und Medien Vertrieb</marc:subfield>
      <marc:subfield code="c">2004</marc:subfield>
   </marc:datafield>
   <marc:datafield ind1=" " ind2=" " tag="250">
      <marc:subfield code="a">Ungek.Lizenzausg.</marc:subfield>
   </marc:datafield>
   <marc:datafield ind1="1" ind2=" " tag="520">
      <marc:subfield code="a">Wallfahrtsorte und Wallfahrtsziele bilden die großartige sakrale Ku-lisse der österreichischen Landschaft, eine faszinierende, wundersame Welt, in der Peter Pfarl Erstaunliches entdeckt hat: wundertätige Gnadenbilder und &#x84;Orte der Kraft&#x93;, heilige Brunnen und geheimnisvolle Steinformationen, die eine magische Anziehungskraft ausstrahlen. Ob im Wald verborgenes Heiligtum oder windumtoste Kapelle auf einsamer Bergeshöhe, ob stille Andachtsstätte in der Großstadt oder weltberühmtes Pilgerzentrum &#x96; kenntnisreich setzt sich Peter Pfarl mit Geschichte und Mythos der schönsten und bedeutendsten österreichischen Gnadenorte auseinander, er erzählt von sagenhaften Ursprüngen und spektakulären Mirakeln, von frommen Traditionen und uralten Bräuchen. (Pressetext)</marc:subfield>
   </marc:datafield>
   <marc:datafield ind1=" " ind2=" " tag="500">
      <marc:subfield code="a">(Styria 2004)</marc:subfield>
   </marc:datafield>
   <marc:datafield ind1=" " ind2=" " tag="300">
      <marc:subfield code="a">191 S. : zahlr Ill., Kt.</marc:subfield>
   </marc:datafield>
</marc:record>
